Score 0/70 Timer 12:00
2 Plays Today
% Correct
Ray Barone
94.2%
Jerry Seinfeld
89.6%
Joey Tribbiani
88.1%
Rachel Green
87.7%
Ross Geller
87.4%
Chandler Bing
85.4%
Phoebe Buffay
84.8%
Monica Geller
84.8%
Cosmo Kramer
81.8%
Elaine Benes
79.1%
George Costanza
79.1%
Frasier Crane
78.8%
George Steinbrenner
78.4%
Donna Martin
72.2%
Carrie Bradshaw
66%
Michael Kelso
65.2%
Donna Pinciotti
64.3%
Niles Crane
63.1%
Tony Soprano
62.5%
Steven Hyde
61.9%
Mr. Big
58.9%
Eric Forman
58.4%
Reginald 'Red' Forman
58.4%
Fez
56.9%
Samantha Jones
56.2%
Newman
54.3%
Bob Pinciotti
54.2%
Frank Barone
50.7%
Hank Hill
50.4%
Robert Barone
50.2%
Jackie Burkhart
50%
Miranda Hobbes
47.6%
Debra Barone
46.6%
Daphne Moon
45.4%
Charlotte York
44.8%
% Correct
Marie Barone
44%
Kitty Forman
42.8%
Bobby Hill
42.7%
Gunther
39.4%
Steve Brady
38.6%
Steve Sanders
38.3%
Peggy Hill
35.7%
Roz Doyle
35.1%
Michael Barone
33.4%
Brandon Walsh
33.3%
Paulie 'Walnuts' Gualtieri
31%
Dylan McKay
30.7%
Meadow Soprano
30.5%
Martin Crane
30.4%
Kelly Taylor
30.3%
Corrado John Soprano, Jr
27.9%
A.J. Soprano
27.5%
Eddie
26.5%
David Silver
26.4%
Carmela Soprano
24.6%
Ally Barone
23.2%
Amy MacDougall
23%
Bill Dauterive
21.8%
Boomhauer
21.3%
Dale Gribble
20.8%
Christopher Moltisanti
19.3%
Luanne Platter
17.2%
Jennifer Melfi
15.1%
Midge Pinciotti
14.8%
Janice Soprano Baccalieri
14.7%
Geoffrey Barone
13.3%
Silvio Dante
12.1%
Nat Bussichio
8.5%
Andy or Gianni
7.7%
Ruthie Cohen
5.2%
Remove Ads.
Support Sporcle.
Get the best of Sporcle when you Go Orange. This ad-free experience offers more features, more stats, and more fun while also helping to support Sporcle. Thank you for becoming a member.

You're not logged in!

Compare scores with friends on all Sporcle quizzes.
OR
Log In

Show Comments

Extras

Top Quizzes Today


Score Distribution

Your Account Isn't Verified!

In order to create a playlist on Sporcle, you need to verify the email address you used during registration. Go to your Sporcle Settings to finish the process.

Report this User

Report this user for behavior that violates our Community Guidelines.

Details: